000
00321nam a22001217a 4500
003
SGT
082
_a
891.4309
_b
N14S
100
_a
सम्पादक, मनीषी
245
_a
नारायण दत्त
260
_b
स्प्रे संग्राहलय
_c
2014
300
_a
155
942
_2
ddc
_c
BK
999
_c
31398
_d
31398